000 00274nam a2200109Ia 4500
001 587602
005 20250717113818.0
008 250717s9999 xx 000 0 und d
245 0 _aW-2 ARKADAŞIM PAPİ
_cBİLGİN ADALI
260 _bYAPI KREDİ YAYINLARI
_c2020
300 _b22
999 _c587602
_d587602